Újabb szegedi akadémiai tagok [rövid hír]
Elmentve itt :
| Dokumentumtípus: | Cikk |
|---|---|
| Megjelent: |
1960-04-22
|
| Sorozat: | Délmagyarország
50 No. 94 |
| Kulcsszavak: | Ábrahám Ambrus, Budó Ágoston, Kolosváry Gábor, Akadémiai tagság 1960 |
| Online Access: | http://dmarchiv.bibl.u-szeged.hu/36084 |
| LEADER | 00480nab a2200145 i 4500 | ||
|---|---|---|---|
| 001 | delm36084 | ||
| 005 | 20180927112832.0 | ||
| 008 | 180927s1960 hu o 0|| hun d | ||
| 040 | |a SZTE Délmagyarország Archívum |b hun | ||
| 041 | |a hun | ||
| 245 | 0 | 0 | |a Újabb szegedi akadémiai tagok |h [elektronikus dokumentum] : |b [rövid hír] |
| 260 | |c 1960-04-22 | ||
| 300 | |a 6 | ||
| 490 | 0 | |a Délmagyarország |v 50 No. 94 | |
| 695 | |a Ábrahám Ambrus, Budó Ágoston, Kolosváry Gábor, Akadémiai tagság 1960 | ||